Hygiena časopis pro ochranu a podporu zdraví

Bibliographic Details
New Title:Česká a slovenská hygiena
Previous Title:Československá hygiena
Other Authors: Lener, J (Publishing director)
Format: Journal
Language:Czech
Slovak
PhysicalDescription:10 zv. 24 cm
Published: Praha Česká lékařská společnost Jana Evangelisty Purkyně 1994-2003
ISSN:1210-7840
0009-0573
1214-6722
Subjects:

MARC

LEADER 00000cas a2200000 a 4500
001 vtls008880284
003 SK-MaSNL
005 20260228162253.0
008 141119d19942003xr qr|p 0 1 b0cze c
022 |a 1210-7840 
035 |a (SVKBB03)vtls000031160 
040 |a SVKBB  |b slo  |c SVKBB  |d SNK  |e AACR2 
041 0 |a cze  |a slo  |b eng  |b cze 
072 7 |a 613  |x Hygiena. Ľudské zdravie  |2 koncept 
072 7 |a 614  |x Verejné zdravie a hygiena  |2 koncept 
080 |a 050  |2 2001 
080 |a 613/614  |2 2001 
080 |a 614.2  |2 2001 
210 0 |a Hygiena  |b (Čes. lék. spol. J.E. Purkyně) 
222 0 |a Hygiena  |b (Česká lékařská společnost J.E. Purkyně) 
245 0 0 |a Hygiena  |b časopis pro ochranu a podporu zdraví 
260 |a Praha  |b Česká lékařská společnost Jana Evangelisty Purkyně  |c 1994-2003 
300 |a 10 zv.  |c 24 cm 
310 |a 4x ročne  |b 1997-2003 
321 |a 6x ročne  |b 1994-1996 
500 |a Ved. red. od č.1/1994 J. Lener 
546 |a Text aj slov; res. v angl. a češ. 
650 0 7 |a hygiena  |2 SNKPH  |9 16835 
650 0 7 |a zdravie  |2 SNKPH  |9 16322 
650 0 7 |a zdravotníctvo  |2 SNKPH  |9 1269 
655 7 |a odborné časopisy  |2 SNKPH  |9 70505 
700 1 |a Lener, J  |4 pbd  |9 270690 
710 2 |a Česká lékařská společnost J.E. Purkyně  |4 pbl  |9 32524 
780 0 0 |t Československá hygiena  |x 0009-0573  |w vtls001317428 
785 0 0 |t Česká a slovenská hygiena  |x 1214-6722  |w vtls008884734 
852 |a Štátna vedecká knižnica v Banskej Bystrici 
910 |a snk 
916 |a 1994-2003 
999 |c 7357  |d 9287 
952 |0 0  |1 0  |4 0  |7 0  |8 0  |a SNK  |b SNK  |d 2004-07-09  |i snkČIP 705/2003  |l 0  |o snkČSC 3277/43/1998 D1  |p 17A0433345  |r 2005-01-02 00:00:00  |t č. 1-4  |w 2026-02-21  |y PREZ 
952 |0 0  |1 0  |4 0  |7 0  |8 0  |a SNK  |b SNK  |d 1999-10-12  |i snkČIP 2008/98  |l 0  |o snkČSC 3277/42/1997 D1  |p 17A0213852  |r 2005-01-02 00:00:00  |t č. 1-4  |w 2026-02-21  |y PREZ 
952 |0 0  |1 0  |4 0  |7 0  |8 0  |a SNK  |b SNK  |d 2000-11-08  |f 1  |i snkČIP 2007/98  |l 0  |o snkČSC 3277/42/1997  |p 17A0257893  |r 2005-01-02 00:00:00  |t č. 1-4  |w 2026-02-21  |y PREZ 
952 |0 0  |1 0  |4 0  |7 0  |8 0  |a SNK  |b SNK  |d 2004-03-15  |f 1  |i snkČIP 706/2003  |l 0  |o snkČSC 3277/44/1999  |p 17A1095851  |r 2005-01-02 00:00:00  |t č. 1-4 + supplementum  |w 2026-02-21  |y PREZ 
952 |0 0  |1 0  |4 0  |7 0  |a SNK  |b SNK  |d 2000-02-09  |l 0  |o snkČSC 3277/39/1994/D1  |p 17A0227681  |r 2005-01-02 00:00:00  |t č. 1-6  |w 2026-02-21  |y PREZ 
952 |0 0  |1 0  |4 0  |7 0  |a SNK  |b SNK  |d 2000-11-08  |f 1  |i snkČIP 2001/98  |l 0  |o snkČSC 3277/39/1994  |p 17A0257899  |r 2005-01-02 00:00:00  |t č. 1-6  |w 2026-02-21  |y PREZ 
952 |0 0  |1 0  |4 0  |7 0  |8 4  |a SNK  |b SNK  |d 2004-02-02  |f 1  |i snkČZK 2668/2002  |l 0  |o snkČSC 3277/46/2001  |p 17A0402121  |r 2005-01-02 00:00:00  |t č. 1-4  |w 2026-02-21  |y PREZ 
952 |0 0  |1 0  |3 rekatalogizácia  |4 0  |7 0  |a SNK  |b SNK  |d 2005-01-24  |f 1  |i snkČIP 708/2003  |l 0  |o snkČSC 3277/45/2000  |p 17A0454140  |r 2026-02-21 19:45:22  |t č. 1-4 + supplementum, neúplné  |w 2026-02-21  |y PREZ  |z Chýba č. 2 
952 |0 0  |1 0  |3 č, 1-4, suplementun, nezviazané  |4 0  |7 0  |a SNK  |b SNK  |d 2006-12-06  |f 1  |i snkČIP 704/2003  |l 0  |o snkČSC 3277/43/1998  |p 17A0526289  |r 2026-02-21 20:04:48  |t č. 1-4 + supplementum  |w 2026-02-21  |y PREZ 
952 |0 0  |1 0  |4 0  |7 0  |a SNK  |b SNK  |d 2002-11-30  |l 0  |o snkČSC 3277/41/1996 D1  |p 17A0366380  |r 2005-01-02 00:00:00  |t č. 1-6  |w 2026-02-21  |y PREZ 
952 |0 0  |1 0  |4 0  |7 0  |a SNK  |b SNK  |d 2000-11-08  |f 1  |i snkČIP 2005/98  |l 0  |o snkČSC 3277/41/1996  |p 17A0257891  |r 2005-01-02 00:00:00  |t č. 1-6  |w 2026-02-21  |y PREZ 
952 |0 0  |1 0  |4 0  |7 0  |a SNK  |b SNK  |d 2000-11-08  |f 1  |i snkČIP 2003/98  |l 0  |o snkČSC 3277/40/1995  |p 17A0257892  |r 2005-01-02 00:00:00  |t č. 1-6  |w 2026-02-21  |y PREZ 
952 |0 0  |1 0  |4 0  |7 0  |a SNK  |b SNK  |d 2002-11-30  |l 0  |o snkČSC 3277/40/1995 D1  |p 17A0366377  |r 2005-01-02 00:00:00  |w 2026-02-21  |y PREZ 
952 |0 0  |1 0  |4 0  |7 0  |8 4  |a SNK  |b SNK  |d 2007-08-15  |f 1  |i snk2007/18759  |l 0  |o snkČSC 3277/47/2002  |p 17A0534776  |r 2026-02-21 21:00:57  |t č. 1-4  |w 2026-02-21  |y PREZ 
952 |0 0  |1 0  |4 0  |7 0  |8 4  |a SNK  |b SNK  |d 2008-04-02  |f 1  |i snk2008/7352  |l 0  |o snkČSC 3277/48/2003  |p 17A0574818  |r 2026-02-21 21:01:12  |t č. 1-4 + supplementum  |w 2026-02-21  |y PREZ 
952 |0 0  |1 0  |4 0  |7 0  |a SNK  |b SNK  |d 2005-02-10  |i snkČIP 709/2003  |l 0  |o snkČSC 3277/45/2000 D1  |p 17A0351317  |r 2026-02-21 21:10:19  |t č. 1-4, neúplné  |w 2026-02-21  |y PREZ  |z Chýba č. 2 
952 |0 0  |1 0  |4 0  |7 0  |8 4  |a SNK  |b SNK  |d 2017-01-04  |i snk2004/961  |l 0  |o snkČSC 3277/38/1993 D1  |p 17A1187076  |r 2026-02-21 21:47:55  |t č. 1-6  |w 2026-02-21  |y PREZ 
952 |0 0  |1 0  |4 0  |7 0  |8 1  |a SNK  |b SNK  |d 2016-01-15  |i snk2016/899  |l 0  |o snkČSC 3277/47/2002 D1  |p 17A1097116  |r 2026-02-21 21:53:42  |t č. 1-4, neúpl.  |w 2026-02-21  |y PREZ  |z chýba č. 1, 3-4 
952 |0 0  |1 0  |4 0  |7 0  |8 1  |a SNK  |b SNK  |d 2016-01-15  |i snk2016/903  |l 0  |o snkČSC 3277/48/2003 D1  |p 17A1097775  |r 2026-02-21 21:53:42  |t č. 1-4, neúpl.  |w 2026-02-21  |y PREZ  |z chýba č. 2-4 
952 |0 0  |1 0  |4 0  |7 3  |8 1  |a SNK  |b SNK  |d 2016-10-26  |i snk2016/25340  |l 0  |o snkČSC 3277/46/2001 D1  |p 17A1203637  |r 2026-02-21 22:17:11  |t č. 1-4, neúplné  |w 2026-02-21  |y PREZ  |z Chýba č. 1, 4